Warrior cats prefix - Statistics

General Stats
  • This quiz has been taken 80 times
    69 since last reset
  • The average score is 75 of 382
Answer Stats
Prefix % Correct
Blue
96%
Fir
96%
Gray
87%
Leaf
87%
Lion
78%
Moon
78%
Sun
78%
Tiger
78%
White
74%
Black
70%
Fire
70%
Jay
70%
Ash
65%
Cloud
65%
Crow
65%
Holly
65%
Red
65%
Sand
65%
Snow
65%
Squirrel
65%
Yellow
65%
Bramble
61%
Bright
61%
Dark
61%
Fern
61%
Dust
57%
Flame
57%
Hawk
57%
Leopard
57%
Mouse
57%
Sky
57%
Storm
57%
Apple
52%
Crooked
52%
Frost
52%
Ivy
52%
Mist
52%
Misty
52%
Alder
48%
Berry
48%
Claw
48%
Feather
48%
Ice
48%
Oak
48%
One
48%
Shadow
48%
Broken
43%
Cinder
43%
Dapple
43%
Light
43%
Raven
43%
River
43%
Rose
43%
Stone
43%
Tall
43%
Acorn
39%
Adder
39%
Amber
39%
Ant
39%
Bee
39%
Bracken
39%
Brown
39%
Dawn
39%
Dove
39%
Flower
39%
Fox
39%
Golden
39%
Long
39%
Maple
39%
Mud
39%
Night
39%
Pine
39%
Rain
39%
Daisy
35%
Green
35%
Kestrel
35%
Moth
35%
Silver
35%
Spot
35%
Stripe
35%
Beetle
30%
Bird
30%
Blaze
30%
Bristle
30%
Dusk
30%
Fin
30%
Honey
30%
Little
30%
Minnow
30%
Pool
30%
Poppy
30%
Rock
30%
Running
30%
Sorrel
30%
Spider
30%
Spotted
30%
Thunder
30%
Twig
30%
Violet
30%
Willow
30%
Wind
30%
Bark
26%
Birch
26%
Branch
26%
Breeze
26%
Briar
26%
Cedar
26%
Dead
26%
Gale
26%
Gorse
26%
Half
26%
Hazel
26%
Juniper
26%
Moss
26%
Pebble
26%
Swift
26%
Vole
26%
Badger
22%
Blossom
22%
Brindle
22%
Bumble
22%
Dandelion
22%
Eagle
22%
Finch
22%
Flutter
22%
Goose
22%
Grass
22%
Lake
22%
Leap
22%
Lily
22%
Morning
22%
Patch
22%
Petal
22%
Pink
22%
Ragged
22%
Ripple
22%
Rowan
22%
Russet
22%
Soot
22%
Thorn
22%
Yarrow
22%
Aspen
17%
Bloom
17%
Boulder
17%
Brook
17%
Curl
17%
Fly
17%
Freckle
17%
Hare
17%
Heather
17%
Hop
17%
Jagged
17%
Kink
17%
Kite
17%
Larch
17%
Lightning
17%
Mint
17%
Mole
17%
Owl
17%
Pounce
17%
Quiet
17%
Shrew
17%
Small
17%
Sparrow
17%
Speckle
17%
Tawny
17%
Thrush
17%
Tiny
17%
Tulip
17%
Wet
17%
Whisker
17%
Bay
13%
Big
13%
Bounce
13%
Brave
13%
Curly
13%
Dew
13%
Ember
13%
Fallen
13%
Flip
13%
Fog
13%
Heavy
13%
Hope
13%
Jump
13%
Lark
13%
Log
13%
Loud
13%
Marigold
13%
Milk
13%
Otter
13%
Pale
13%
Puddle
13%
Rat
13%
Reed
13%
Sedge
13%
Shell
13%
Shine
13%
Song
13%
Splash
13%
Sunny
13%
Thistle
13%
Turtle
13%
Web
13%
Wish
13%
Beech
9%
Bug
9%
Cinnamon
9%
Cone
9%
Copper
9%
Crouch
9%
Dappled
9%
Doe
9%
Down
9%
Duck
9%
Ebony
9%
Eel
9%
Elder
9%
Fallow
9%
Fidget
9%
Frog
9%
Fuzzy
9%
Hill
9%
Hollow
9%
Hunt
9%
Lizard
9%
Mallow
9%
Marsh
9%
Meadow
9%
Monkey
9%
Mossy
9%
Myrtle
9%
Needle
9%
Nut
9%
Primrose
9%
Quail
9%
Quick
9%
Rabbit
9%
Root
9%
Rush
9%
Sharp
9%
Short
9%
Sleek
9%
Smoke
9%
Snake
9%
Sneeze
9%
Spark
9%
Stream
9%
Sweet
9%
Thrift
9%
Toad
9%
Trout
9%
Weed
9%
Wood
9%
Arc
4%
Arch
4%
Blizzard
4%
Bluebell
4%
Brush
4%
Bubbling
4%
Buzzard
4%
Cherry
4%
Chestnut
4%
Chive
4%
Clover
4%
Creek
4%
Cricket
4%
Cypress
4%
Dangling
4%
Deer
4%
Drift
4%
Echo
4%
Fawn
4%
Fennel
4%
Flash
4%
Flax
4%
Flicker
4%
Flint
4%
Float
4%
Fluff
4%
Fringe
4%
Frond
4%
Furze
4%
Gravel
4%
Gull
4%
Gust
4%
Hatch
4%
Haven
4%
Hay
4%
Heron
4%
Hickory
4%
Hoot
4%
Hound
4%
Lavender
4%
Lichen
4%
Low
4%
Lynx
4%
Maggot
4%
Midge
4%
Mistle
4%
Mottle
4%
Mumble
4%
Oat
4%
Odd
4%
Pear
4%
Perch
4%
Pigeon
4%
Ridge
4%
Robin
4%
Rubble
4%
Sage
4%
Seed
4%
Shimmer
4%
Shining
4%
Shivering
4%
Shred
4%
Shy
4%
Soft
4%
Starling
4%
Stem
4%
Stumpy
4%
Tangle
4%
Tansy
4%
Torn
4%
Vixen
4%
Whisper
4%
Whistle
4%
Wren
4%
Ferret
0%
Flail
0%
Fleet
0%
Nectar
0%
Nettle
0%
Newt
0%
Olive
0%
Parsley
0%
Peak
0%
Pike
0%
Plum
0%
Pod
0%
Prickle
0%
Puff
0%
Rapid
0%
Rook
0%
Rough
0%
Rustle
0%
Rye
0%
Sandy
0%
Scorch
0%
Shade
0%
Shattered
0%
Sheep
0%
Silky
0%
Slate
0%
Slight
0%
Sloe
0%
Snail
0%
Snap
0%
Snip
0%
Spike
0%
Spire
0%
Spruce
0%
Stag
0%
Stoat
0%
Stork
0%
Stretch
0%
Strike
0%
Swallow
0%
Swamp
0%
Swan
0%
Talon
0%
Timber
0%
Tumble
0%
Vine
0%
Wander
0%
Wasp
0%
Wave
0%
Weasel
0%
Whorl
0%
Wild
0%
Wolf
0%
Woolly
0%
Yew
0%
No matching quizzes found
Score Distribution
Percent of People with Each Score
Percentile by Number Answered
Your Score History
You have not taken this quiz since the last reset